000 00659nam a2200253 i 4500
999 _c770
_d770
001 C2-0003870
003 PPAK
005 20190630221812.0
008 970123s1990 xxk|||| ||||| | |engd
020 _a0721452027
040 _aPPAK
_beng
_cPPAK
_erda
082 0 4 _a551.6
_223
090 0 0 _a551.6
_bARN
_dK
090 0 0 _a551.6
_bARN
_dRK
100 1 _aArnold, Caroline,
_eauthor
245 1 0 _aWeather
264 1 _aLoughborough :
_bLadybird Books ,
_c1990
300 _a27 pages :
_bcolour illustrations ;
_c19 cm
336 _2rdacontent
_atext
337 _2rdamedia
_aunmediated
338 _2rdacarrier
_avolume
650 1 0 _aWeather
942 _cB
_2ddc